La division de la journée dans les monastères - Statistiques

Statistiques générales
  • Ce quiz a été pris 24 fois
  • Le résultat moyen est 5 sur 9
Statistiques - réponses
Moment Réponse % Correct
Avant le coucher du jour Vêpres
89%
Point du jour Matines
84%
6e heure du jour Sexte
68%
Lever du jour Laudes
63%
3e heure du jour Tierce
58%
Avant le repos Complies
53%
9e heure du jour None
47%
1ère heure du jour Prime
42%
Milieu de la nuit Vigiles
11%
Aucun quiz correspondant
Distribution des résultats
% des personnes avec chaque résultat
Percentile par nombre de réponses
Votre historique - résultats
Vous n’avez pas pris ce quiz